000 00708nam a22002177a 4500
003 0
005 20250107114852.0
008 250107b xxu||||| |||| 00| 0 eng d
020 _a979-8-89161-174-0
050 _aLB1028.38
_b.H69 2024
100 _aHopkins, Anthony
245 _aTechnology for teaching and learning
_cAnthony Hopkins
260 _aJersey City
_bAlexis Press LLC
_cc2024
300 _avii, 252 pages ;
_c24cm.
504 _aIncludes bibliographical references and index.
650 _aInstructional systems--design.
650 _aEducational technology planning.
650 _aComputer assisted instructor.
650 _aTechnology--Teaching and Learning.
942 _2lcc
_cBK
999 _c366901
_d366901